Arc Raiders - Tous les arcs - Statistiques

Statistiques générales
  • Ce quiz a été pris 71 fois
  • Le résultat moyen est 13 sur 18
Statistiques - réponses
Arcs Réponse % Correct
Gros Bastion
96%
Volant Guêpe
96%
Volant Frelon
94%
Gros Bombardier
92%
Volant Artificier
90%
Gros Reine
90%
Gros Matriarche
88%
Au mur Sentinelle
82%
Petit Tique
80%
Au mur Tourelle
78%
Petit Pop
71%
Gros Bondisseur
69%
Volant Mouchard
69%
Petit Bolide
59%
Moyen Guetteur
49%
Volant Observateur
43%
Moyen Déchiqueteuse
33%
Volant Sonde
16%
Aucun quiz correspondant
Distribution des résultats
% des personnes avec chaque résultat
Percentile par nombre de réponses
Votre historique - résultats
Vous n’avez pas pris ce quiz